Name UEFA clubs - Statistics

General Stats
  • This quiz has been taken 22 times
    8 since last reset
  • The average score is 67 of 114
Answer Stats
Picture Answer % Correct
Arsenal
100%
Chelsea
100%
Liverpool
100%
Manchester City
100%
Manchester United
100%
AC Milan
75%
Aston Villa
75%
Atletico Madrid
75%
Barcelona
75%
Bayern Munich
75%
Benfica
75%
Borussia Dortmund
75%
Bournemouth
75%
Brentford
75%
Brighton
75%
Crystal Palace
75%
Everton
75%
Fiorentina
75%
Fulham
75%
Inter Milan
75%
Ipswich Town
75%
Juventus
75%
Leicester City
75%
Lyon
75%
Napoli
75%
Newcastle United
75%
Nottingham Forest
75%
Porto
75%
PSG
75%
Real Betis
75%
Real Madrid
75%
Real Sociedad
75%
Roma
75%
Sevilla
75%
Southampton
75%
Tottenham Hotspurs
75%
Valencia
75%
West Ham United
75%
Wolfsburg
75%
Wolverhampton Wanderers
75%
Atalanta
63%
Augsburg
63%
Bayer Leverkusen
63%
Bochum
63%
Bologna
63%
Braga
63%
Brest
63%
Cagliari
63%
Celta Vigo
63%
Espanyol
63%
Frankfurt
63%
Freiburg
63%
Genoa
63%
Getafe
63%
Girona
63%
Hoffenheim
63%
Lazio
63%
Lecce
63%
Lens
63%
Lille
63%
Mainz
63%
Mallorca
63%
Marseille
63%
Monaco
63%
Monchengladbach
63%
Montpellier
63%
Nantes
63%
Nice
63%
Osasuna
63%
Rayo Vallecano
63%
RB Leipzig
63%
Rennes
63%
Sporting
63%
St. Pauli
63%
Strasbourg
63%
Stuttgart
63%
Torino
63%
Toulouse
63%
Udinese
63%
Union Berlin
63%
Valladolid
63%
Villarreal
63%
Werder Bremen
63%
Alaves
50%
Auxerre
50%
Como
50%
Heidenheim
50%
Leganes
50%
Le Havre
50%
Parma
50%
Reims
50%
St. Etienne
50%
Venezia
50%
Verona
50%
Angers
38%
Athletic Club Bilbao
38%
Empoli
38%
Holstein Kiel
38%
Las Palmas
38%
Monza
38%
Moreirense
25%
Rio Ave
25%
Arouca
13%
Boavista
13%
Casa Pia
13%
Estoril
13%
Famalicao
13%
Vitoria
13%
Chaves
0%
Estrela
0%
Farense
0%
Gil Vincente
0%
Portimonense
0%
Vizela
0%
No matching quizzes found
Score Distribution
Percent of People with Each Score
Percentile by Number Answered
Your Score History
You have not taken this quiz since the last reset